[Event "Hessenliga 0708"]
[Site "Germany"]
[Date "2007.10.28"]
[Round "2.4"]
[White "Dubinski, Leonid"]
[Black "Engel, Johannes"]
[Result "0-1"]
[WhiteElo "2150"]
[BlackElo "2195"]
[PlyCount "78"]
[EventDate "2007.09.30"]
[EventType "team"]
[EventRounds "9"]
[EventCountry "GER"]
[SourceTitle "EXT 2009"]
[Source "ChessBase"]
[SourceDate "2008.11.26"]
[SourceVersion "1"]
[SourceVersionDate "2008.11.26"]
[SourceQuality "1"]
[WhiteTeam "Baunatal"]
[BlackTeam "Frankfurt BvK II"]
[WhiteTeamCountry "GER"]
[BlackTeamCountry "GER"]

1. e4 e5 2. Nf3 Nc6 3. Bc4 Be7 4. 0-0 Nf6 5. d3 0-0 6. Re1 d6 7. c3 Na5 8. Bb5 a6 9. Ba4 b5 10. Bc2 c5 11. Nbd2 Nc6 12. h3 Bb7 13. d4 cxd4 14. cxd4 Rc8 15. a3 Qc7 16. Bb1 Rfd8 17. d5 Nb8 18. Nb3 Nbd7 19. Bd2 Nb6 20. Ba5 Re8 21. Bd3 Bd8 22. Nh2 Qd7 23. Nd2 Na4 24. Bxd8 Qxd8 25. Rb1 Nc5 26. Bf1 Na4 27. Ng4 Nxg4 28. hxg4 Qg5 29. Re3 Rc7 30. Bd3 Bc8 31. Rg3 Bd7 32. Nf1 Rec8 33. Ne3 Nxb2 34. Qe2 Nxd3 35. Qxd3 Rc3 36. Qd2 g6 37. Qb2 Kf8 38. Rf1 R8c5 39. Qb4 Qd8 0-1

[Event "Hessenliga 0708"]
[Site "Germany"]
[Date "2007.09.30"]
[Round "1.4"]
[White "Dubinski, Leonid"]
[Black "Henrich, Thomas"]
[Result "1-0"]
[WhiteElo "2150"]
[BlackElo "2179"]
[PlyCount "69"]
[EventDate "2007.09.30"]
[EventType "team"]
[EventRounds "9"]
[EventCountry "GER"]
[SourceTitle "EXT 2009"]
[Source "ChessBase"]
[SourceDate "2008.11.26"]
[SourceVersion "1"]
[SourceVersionDate "2008.11.26"]
[SourceQuality "1"]
[WhiteTeam "Baunatal"]
[BlackTeam "Giessen"]
[WhiteTeamCountry "GER"]
[BlackTeamCountry "GER"]

1. e4 c5 2. Nf3 d6 3. d4 cxd4 4. Nxd4 Nf6 5. Nc3 a6 6. h3 Nc6 7. g4 h6 8. Bg2 Bd7 9. Nde2 b5 10. a3 e6 11. 0-0 Be7 12. f4 Qb6+ 13. Kh1 Rc8 14. Qd3 g5 15. Qg3 b4 16. Be3 gxf4 17. Nxf4 Qb8 18. axb4 Nxb4 19. Qf2 Nc6 20. Nh5 Nxh5 21. Qxf7+ Kd8 22. gxh5 Qxb2 23. Qg7 Re8 24. Rab1 Qxc2 25. Bb6+ Rc7 26. Rfc1 Qd3 27. Nd5 exd5 28. Bxc7+ Kxc7 29. exd5 Qe3 30. Qa1 Ra8 31. Qa5+ Kc8 32. Qb4 Kd8 33. dxc6 Bxh3 34. c7+ Ke8 35. Qb8+ 1-0

[Event "Oberliga Ost-B 0304"]
[Site "Germany"]
[Date "2004.04.25"]
[Round "11.2"]
[White "Kandic, Milan"]
[Black "Dubinski, Leonid"]
[Result "1/2-1/2"]
[WhiteElo "2244"]
[BlackElo "2215"]
[PlyCount "143"]
[EventDate "2003.11.02"]
[EventType "team-tourn"]
[EventRounds "11"]
[EventCountry "GER"]
[SourceTitle "EXT 2005"]
[Source "ChessBase"]
[SourceDate "2004.11.15"]
[SourceVersion "1"]
[SourceVersionDate "2004.11.15"]
[SourceQuality "1"]
[WhiteTeam "Frankfurt FTG"]
[BlackTeam "Kassel Hermania"]
[WhiteTeamCountry "GER"]
[BlackTeamCountry "GER"]

1. d4 d5 2. Nc3 Nf6 3. Bg5 c6 4. Nf3 Nbd7 5. e3 Qa5 6. Bd3 Ne4 7. Bxe4 dxe4 8. Ne5 Nxe5 9. dxe5 Bf5 10. Bf4 Rd8 11. Qe2 g6 12. 0-0 Bg7 13. Rfd1 0-0 14. Rxd8 Rxd8 15. Rd1 Rxd1+ 16. Qxd1 Bxe5 17. Bxe5 Qxe5 18. Qd8+ Kg7 19. h3 Qc5 20. a4 h5 21. a5 Qb4 22. Qd4+ Qxd4 23. exd4 e3 24. fxe3 Bxc2 25. e4 Kf6 26. Kf2 e5 27. Ke3 Ke6 28. g4 hxg4 29. hxg4 Kd6 30. b4 b6 31. axb6 axb6 32. g5 Bb3 33. Ne2 Bc4 34. Nc3 Bb3 35. Ne2 Bc2 36. Nc3 exd4+ 37. Kxd4 c5+ 38. bxc5+ bxc5+ 39. Ke3 Ke5 40. Kf3 c4 41. Ke3 Bd3 42. Kf3 Kd4 43. Nb5+ Ke5 44. Nc3 f6 45. gxf6 Kxf6 46. Kf4 g5+ 47. Kg4 Kg6 48. Kf3 Kh5 49. Kg3 g4 50. Nd5 Kg5 51. Nc3 Bc2 52. e5 Bf5 53. Ne2 Bd7 54. Nd4 c3 55. e6 Be8 56. e7 Bd7 57. Nc2 Be8 58. Nd4 Ba4 59. Nc2 Bd7 60. Nd4 Kf6 61. e8Q Bxe8 62. Kxg4 Ke5 63. Nc2 Bg6 64. Nb4 Kd4 65. Kf4 Bb1 66. Nc6+ Kd5 67. Na5 Bc2 68. Ke3 Kc5 69. Nb7+ Kb4 70. Ke2 Be4 71. Nd6 Bf3+ 72. Kd3 1/2-1/2

[Event "Oberliga Ost-B 0304"]
[Site "Germany"]
[Date "2004.01.18"]
[Round "5.2"]
[White "Konopka, Michal"]
[Black "Dubinski, Leonid"]
[Result "1-0"]
[WhiteElo "2451"]
[BlackElo "2215"]
[PlyCount "79"]
[EventDate "2003.11.02"]
[EventType "team-tourn"]
[EventRounds "11"]
[EventCountry "GER"]
[SourceTitle "EXT 2005"]
[Source "ChessBase"]
[SourceDate "2004.11.15"]
[SourceVersion "1"]
[SourceVersionDate "2004.11.15"]
[SourceQuality "1"]
[WhiteTeam "Schoeneck"]
[BlackTeam "Kassel Hermania"]
[WhiteTeamCountry "GER"]
[BlackTeamCountry "GER"]

1. d4 Nf6 2. Nf3 e6 3. g3 d5 4. Bg2 Be7 5. c4 0-0 6. 0-0 dxc4 7. Qc2 a6 8. a4 c5 9. dxc5 Qd5 10. Nbd2 Qxc5 11. Nxc4 Nbd7 12. b3 Qh5 13. Bb2 Qg6 14. Rac1 Qxc2 15. Rxc2 Nd5 16. Nfe5 Nxe5 17. Nxe5 Rb8 18. Rd1 f6 19. Nc4 b5 20. Bxd5 exd5 21. Ne3 Re8 22. axb5 Rxb5 23. Nxd5 Bf5 24. Rc3 Bd8 25. Re3 Kf7 26. b4 a5 27. Ba3 axb4 28. Rxe8 Kxe8 29. Nxb4 Be7 30. Na6 Rb7 31. Bxe7 Kxe7 32. f3 Rb1 33. Rxb1 Bxb1 34. Kf2 Kd6 35. Ke3 Ke5 36. Nb4 Bg6 37. f4+ Kd6 38. Kd4 Bf7 39. e4 Bb3 40. Nd3 1-0

[Event "Oberliga Ost-B 0203"]
[Site "Germany"]
[Date "2003.03.29"]
[Round "10.5"]
[White "Dubinski, Leonid"]
[Black "Lasinskas, Povilas"]
[Result "1/2-1/2"]
[WhiteElo "2168"]
[BlackElo "2218"]
[PlyCount "20"]
[EventDate "2002.10.20"]
[EventType "team"]
[EventRounds "11"]
[EventCountry "GER"]
[SourceTitle "EXT 2004"]
[Source "ChessBase"]
[SourceDate "2003.11.25"]
[SourceVersion "1"]
[SourceVersionDate "2003.11.25"]
[SourceQuality "1"]
[WhiteTeam "Kassel Hermania"]
[BlackTeam "Frankfurt FTG"]
[WhiteTeamCountry "GER"]
[BlackTeamCountry "GER"]

1. e4 e5 2. Nf3 Nc6 3. d4 exd4 4. Bc4 Nf6 5. e5 d5 6. Bb5 Ne4 7. Nxd4 Bd7 8. Bxc6 bxc6 9. 0-0 c5 10. Ne2 c6 1/2-1/2

[Event "Oberliga Ost-B 0203"]
[Site "Germany"]
[Date "2003.02.23"]
[Round "8.4"]
[White "Malek, Daniel"]
[Black "Dubinski, Leonid"]
[Result "1-0"]
[WhiteElo "2193"]
[BlackElo "2168"]
[PlyCount "39"]
[EventDate "2002.10.20"]
[EventType "team"]
[EventRounds "11"]
[EventCountry "GER"]
[SourceTitle "EXT 2004"]
[Source "ChessBase"]
[SourceDate "2003.11.25"]
[SourceVersion "1"]
[SourceVersionDate "2003.11.25"]
[SourceQuality "1"]
[WhiteTeam "Oberursel"]
[BlackTeam "Kassel Hermania"]
[WhiteTeamCountry "GER"]
[BlackTeamCountry "GER"]

1. d4 Nf6 2. c4 g6 3. Nc3 Bg7 4. e4 d6 5. Nf3 0-0 6. Be2 e5 7. 0-0 Nc6 8. d5 Ne7 9. b4 Nh5 10. Re1 f5 11. Ng5 Nf6 12. Bf3 Kh8 13. a4 h6 14. Ne6 Bxe6 15. dxe6 Nc6 16. b5 Na5 17. Nd5 Ng8 18. Qd3 Rc8 19. Bd2 c6 20. e7 1-0

[Event "Baunatal op 8th"]
[Site "Baunatal"]
[Date "2002.08.11"]
[Round "7"]
[White "Dubinski, Leonid"]
[Black "Haase, Wolfgang"]
[Result "1-0"]
[WhiteElo "2168"]
[BlackElo "2051"]
[PlyCount "109"]
[EventDate "2002.08.09"]
[EventType "swiss"]
[EventRounds "7"]
[EventCountry "GER"]
[SourceTitle "EXT 2003"]
[Source "ChessBase"]
[SourceDate "2002.11.25"]
[SourceVersion "1"]
[SourceVersionDate "2002.11.25"]
[SourceQuality "1"]

1. e4 c5 2. Nf3 g6 3. d4 Bg7 4. dxc5 Qa5+ 5. c3 Qxc5 6. Be3 Qc7 7. Nd4 Nc6 8. f3 Nf6 9. Nb5 Qb8 10. c4 d6 11. N1c3 a6 12. Na3 Be6 13. Qd2 0-0 14. Be2 Rc8 15. Rc1 Ne5 16. b3 Qc7 17. 0-0 Qa5 18. Na4 Qxd2 19. Bxd2 Ned7 20. Nc2 Rab8 21. Nc3 Ne8 22. Ne3 Nc7 23. f4 Nc5 24. f5 Bd7 25. Bf3 e6 26. Rcd1 Nd3 27. Be2 Ne5 28. f6 Bf8 29. h4 h5 30. g4 hxg4 31. Nxg4 Nxg4 32. Bxg4 b5 33. h5 Kh7 34. Kg2 Bh6 35. hxg6+ Kxg6 36. Bxh6 Kxh6 37. Rxd6 Rd8 38. Rfd1 Ne8 39. Rxd7 Rxd7 40. Rxd7 Nxf6 41. Rxf7 Nxg4 42. Kg3 Rg8 43. Re7 bxc4 44. Rxe6+ Kg5 45. bxc4 Rc8 46. Rxa6 Ne3 47. Ra5+ Kg6 48. c5 Nc4 49. Ra6+ Kf7 50. c6 Ke6 51. Nb5 Ke5 52. c7 Nd2 53. Ra4 Rg8+ 54. Kh4 Nf3+ 55. Kh5 1-0

[Event "Baunatal op 8th"]
[Site "Baunatal"]
[Date "2002.08.10"]
[Round "4"]
[White "Dec, Paul"]
[Black "Dubinski, Leonid"]
[Result "1/2-1/2"]
[WhiteElo "2056"]
[BlackElo "2168"]
[PlyCount "67"]
[EventDate "2002.08.09"]
[EventType "swiss"]
[EventRounds "7"]
[EventCountry "GER"]
[SourceTitle "EXT 2003"]
[Source "ChessBase"]
[SourceDate "2002.11.25"]
[SourceVersion "1"]
[SourceVersionDate "2002.11.25"]
[SourceQuality "1"]

1. e4 c5 2. c3 e6 3. d4 d5 4. exd5 exd5 5. Nf3 Nc6 6. Bb5 Bd6 7. 0-0 Nge7 8. Be3 c4 9. Ba4 0-0 10. h3 Bf5 11. Bc2 Qd7 12. Nbd2 Rfe8 13. Re1 Ng6 14. Nf1 Re7 15. Bxf5 Qxf5 16. Ng3 Bxg3 17. fxg3 Rae8 18. Qd2 f6 19. Bf2 Kf7 20. b3 b5 21. bxc4 bxc4 22. Qb2 Rb8 23. Qa3 Rxe1+ 24. Rxe1 Rb1 25. Qa4 Rxe1+ 26. Nxe1 Nge7 27. Nc2 Qd3 28. Ne3 Qxc3 29. Nxd5 Nxd5 30. Qxc6 Ne7 31. Qc7 Qd3 32. d5 Qxd5 33. Bc5 Qe5 34. Bd6 1/2-1/2

[Event "Hessenliga 0102"]
[Site "Germany"]
[Date "2002.04.21"]
[Round "9.6"]
[White "Dubinski, Leonid"]
[Black "Weiss, Matthias"]
[Result "1/2-1/2"]
[WhiteElo "2072"]
[BlackElo "2097"]
[PlyCount "62"]
[EventDate "2001.10.??"]
[EventType "team"]
[EventRounds "9"]
[EventCountry "GER"]
[SourceTitle "EXT 2003"]
[Source "ChessBase"]
[SourceDate "2002.11.25"]
[SourceVersion "1"]
[SourceVersionDate "2002.11.25"]
[SourceQuality "1"]
[WhiteTeam "Kassel"]
[BlackTeam "Schoeneck II"]
[WhiteTeamCountry "GER"]
[BlackTeamCountry "GER"]

1. e4 c5 2. Nf3 e6 3. d4 cxd4 4. Nxd4 Nf6 5. Nc3 Nc6 6. Ndb5 Bb4 7. a3 Bxc3+ 8. Nxc3 d5 9. exd5 exd5 10. Bd3 0-0 11. 0-0 d4 12. Ne2 Qd5 13. Bf4 Rd8 14. Bc7 Re8 15. Bg3 Bf5 16. Bxf5 Qxf5 17. Nxd4 Nxd4 18. Qxd4 Qxc2 19. Rac1 Qe2 20. Qb4 b6 21. Rfe1 Qh5 22. h3 h6 23. a4 Rac8 24. Rxc8 Rxc8 25. Be5 Re8 26. Bxf6 Rxe1+ 27. Qxe1 gxf6 28. Qd2 Kg7 29. Qd7 Qe5 30. Qg4+ Qg5 31. Qd4 Qe5 1/2-1/2

[Event "Baunatal op 7th"]
[Site "Baunatal"]
[Date "2001.08.14"]
[Round "4"]
[White "Haub, Thorsten Michael"]
[Black "Dubinski, Leonid"]
[Result "1-0"]
[WhiteElo "2359"]
[BlackElo "2072"]
[PlyCount "75"]
[EventDate "2001.08.08"]
[EventType "swiss"]
[EventRounds "7"]
[EventCountry "GER"]
[SourceTitle "EXT 2002"]
[Source "ChessBase"]
[SourceDate "2001.11.25"]
[SourceVersion "1"]
[SourceVersionDate "2001.11.25"]
[SourceQuality "1"]

1. Nf3 f5 2. c4 Nf6 3. Nc3 g6 4. g3 Bg7 5. Bg2 0-0 6. 0-0 d6 7. d3 e5 8. Rb1 h6 9. b4 Qe8 10. Nd2 Nc6 11. e3 g5 12. b5 Ne7 13. Ba3 Kh8 14. c5 d5 15. c6 bxc6 16. bxc6 Ba6 17. Nb3 Rf7 18. Bxe7 Qxe7 19. Nxd5 Qd6 20. e4 Nxd5 21. exd5 e4 22. Nc1 exd3 23. Qa4 Bc8 24. Nxd3 f4 25. Rfe1 Bf5 26. Be4 fxg3 27. hxg3 Raf8 28. Qc4 Bc8 29. Re2 h5 30. Qc5 Qxc5 31. Nxc5 Bd4 32. Ne6 Bxe6 33. dxe6 Rxf2 34. Rxf2 Bxf2+ 35. Kg2 Kg7 36. e7 Re8 37. Kxf2 Rxe7 38. Ke3 1-0

[Event "Baunatal op 7th"]
[Site "Baunatal"]
[Date "2001.08.09"]
[Round "2"]
[White "Dubinski, Leonid"]
[Black "Voloshin, Leonid"]
[Result "1/2-1/2"]
[WhiteElo "2072"]
[BlackElo "2426"]
[PlyCount "68"]
[EventDate "2001.08.08"]
[EventType "swiss"]
[EventRounds "7"]
[EventCountry "GER"]
[SourceTitle "EXT 2002"]
[Source "ChessBase"]
[SourceDate "2001.11.25"]
[SourceVersion "1"]
[SourceVersionDate "2001.11.25"]
[SourceQuality "1"]

1. e4 c5 2. Nf3 e6 3. d4 cxd4 4. Nxd4 a6 5. Bd3 Bc5 6. Nb3 Ba7 7. 0-0 Nc6 8. Qe2 d6 9. N1d2 Nge7 10. Rd1 0-0 11. Nf3 e5 12. Be3 Bxe3 13. Qxe3 Qc7 14. c3 h6 15. Ne1 Be6 16. Nd2 d5 17. Nc2 Rad8 18. f3 d4 19. cxd4 Nxd4 20. Nxd4 Rxd4 21. Nf1 Rfd8 22. b3 Qa5 23. Be2 Nc6 24. Rdc1 Qa3 25. Qc3 R4d6 26. Qc5 Qb2 27. Qc2 Qxc2 28. Rxc2 Nd4 29. Rb2 Rc8 30. Ne3 b5 31. Kf2 Rdc6 32. Bd3 Kf8 33. Rd1 Ke7 34. Rdd2 Rc3 1/2-1/2

[Event "Kassel op"]
[Site "Kassel"]
[Date "2000.06.21"]
[Round "7"]
[White "Aepfler, Christian"]
[Black "Dubinski, Leonid"]
[Result "1-0"]
[WhiteElo "2249"]
[BlackElo "2089"]
[PlyCount "79"]
[EventDate "2000.06.19"]
[EventType "swiss"]
[EventRounds "7"]
[EventCountry "GER"]
[SourceTitle "EXT 2001"]
[Source "ChessBase"]
[SourceDate "2000.11.22"]
[SourceVersion "1"]
[SourceVersionDate "2000.11.22"]
[SourceQuality "1"]

1. e4 d6 2. d4 Nf6 3. Nc3 g6 4. f4 Bg7 5. Nf3 0-0 6. e5 Nfd7 7. Ne4 c5 8. c3 Qa5 9. Bd2 Qb6 10. Qb3 Qxb3 11. axb3 cxd4 12. exd6 Nc6 13. Bb5 exd6 14. Nxd6 Nc5 15. Bc4 Be6 16. Bxe6 fxe6 17. Ra3 Rad8 18. Nb5 Nd3+ 19. Ke2 Nxf4+ 20. Bxf4 Rxf4 21. Nxa7 Nxa7 22. Rxa7 d3+ 23. Kd1 Re4 24. Re1 Rxe1+ 25. Kxe1 Bh6 26. Kd1 b5 27. h3 Bf4 28. Nd4 Re8 29. Nxb5 Be3 30. Rd7 d2 31. Ke2 Bh6 32. Nd4 Ra8 33. Nf3 Ra2 34. Nxd2 Rxb2 35. b4 Rc2 36. b5 Rxc3 37. b6 Rc8 38. b7 Rb8 39. Ne4 Rf8 40. Nf6+ 1-0

[Event "Baunatal op 5th"]
[Site "Baunatal"]
[Date "1999.08.13"]
[Round "3"]
[White "Gasthofer, Viktor"]
[Black "Dubinski, Leonid"]
[Result "1-0"]
[WhiteElo "2382"]
[BlackElo "2186"]
[PlyCount "70"]
[EventDate "1999.08.??"]
[EventType "swiss"]
[EventRounds "7"]
[EventCountry "GER"]
[SourceTitle "EXT 2000"]
[Source "ChessBase"]
[SourceDate "1999.11.16"]
[SourceVersion "1"]
[SourceVersionDate "1999.11.16"]
[SourceQuality "1"]

1. c4 f5 2. Nf3 Nf6 3. g3 g6 4. Bg2 Bg7 5. 0-0 0-0 6. d4 d6 7. Nc3 Qe8 8. b3 c5 9. Bb2 Na6 10. e3 Bd7 11. Qe2 Bc6 12. d5 Bd7 13. Nd2 Nc7 14. a4 b6 15. e4 f4 16. e5 dxe5 17. Qxe5 Qd8 18. Qe2 Bg4 19. Bf3 Bxf3 20. Nxf3 Qd7 21. Nb5 Nxb5 22. axb5 Qg4 23. Rae1 Ne8 24. Bxg7 Nxg7 25. Kg2 fxg3 26. fxg3 a6 27. bxa6 Rxa6 28. Ne5 Qc8 29. Nc6 Nf5 30. Rxf5 Qxf5 31. Nxe7+ Kg7 32. Nxf5+ Rxf5 33. Qe7+ Rf7 34. Qe5+ Kg8 35. Qe8+ Rf8 1-0